Statistics for Countries With The Lowest Access to Electricity

Click here to take the quiz!

General Stats

  • This quiz has been taken 36 times
  • The average score is 54 of 84

Answer Stats

%Answer% Correct
17.6Niger
93%
39.8Zambia
93%
43.3Angola
89%
19.0DR Congo
89%
75.2Kenya
89%
56.5Nigeria
89%
26.1Sierra Leone
89%
28.2South Sudan
89%
59.0Sudan
89%
11.8Chad
85%
60.4Djibouti
85%
49.6Eritrea
85%
47.0Lesotho
85%
50.9Mali
85%
44.5Mauritania
85%
34.7Rwanda
85%
35.3Somalia
85%
42.6Uganda
85%
41.0Zimbabwe
85%
11.0Burundi
81%
68.5Congo
81%
75.5Eswatini
81%
45.1Ethiopia
81%
44.0Guinea
81%
25.9Liberia
81%
53.9Namibia
81%
51.9Togo
81%
98.7Afghanistan
78%
14.4Burkina Faso
78%
62.7Cameroon
78%
35.6Tanzania
78%
41.5Benin
74%
32.4Central African Republic
74%
81.9Comoros
74%
93.0Gabon
74%
60.3Gambia
74%
82.4Ghana
74%
28.7Guinea Bissau
74%
67.0Ivory Coast
74%
25.7Madagascar
74%
71.0São Tomé and Principe
74%
86.4Syria
74%
62.0Yemen
74%
64.9Botswana
70%
18.0Malawi
70%
31.1Mozambique
70%
91.2South Africa
70%
93.6Cape Verde
67%
67.3Equatorial Guinea
67%
99.9Iraq
67%
97.9Laos
67%
66.3Myanmar
67%
74.9Senegal
67%
45.3Haiti
63%
98.5Indonesia
63%
91.6Cambodia
59%
48.5North Korea
59%
97.5Mauritius
56%
93.9Nepal
56%
99.8Tunisia
56%
99.9Venezuela
56%
96.4Bolivia
48%
59.0Papua New Guinea
48%
99.6Sri Lanka
48%
94.7Guatemala
44%
91.8Guyana
44%
85.6East Timor
41%
99.7Fiji
41%
91.9Honduras
41%
99.9Jordan
41%
99.8Nauru
41%
97.4Suriname
41%
61.9Vanuatu
41%
98.1Mongolia
37%
88.1Nicaragua
37%
99.1Tajikistan
33%
99.5Belize
30%
94.9Philippines
30%
66.7Solomon Islands
26%
98.9Jamaica
22%
82.1FS Micronesia
15%
95.7Marshall Islands
15%
95.2Grenada
11%
99.3Saint Lucia
11%

Score Distribution

Percentile by Number Answered

Percent of People with Each Score

Your Score History

You have not taken this quiz